POETS IN A LANDSCAPE /

Uloženo v:
Podrobná bibliografie
Hlavní autor: Highet, Gilbert (autor)
Médium: Kniha
Témata:
Tagy: Přidat tag
Žádné tagy, Buďte první, kdo vytvoří štítek k tomuto záznamu!

MARC

LEADER 00000nam^a2200000^a^4500
001 000242549
005 20250521000000.0
009 20260310105302.277
035 |a 063048 
037 |a Acervo Xavier Clavigero 
082 |a 871. 092  |b HIG 
100 |a Highet, Gilbert  |e (autor) 
245 1 0 |a POETS IN A LANDSCAPE /  |c GILBERT HIGHET 
264 |a NEW YORK :  |b ALFRED A KNOPF,  |c 1957 
300 |a 267 p., XI :  |b retrs. 
336 |a texto  |b txt  |2 rdacontenido 
337 |a sin mediación  |b n  |2 rdamedio 
338 |a volumen  |b nc  |2 rdasoporte 
649 |a XX 
650 |a Escritores Latinos 
650 |a Poesía Latina -  |x Historia y Crítica 
910 |a Fondo General 
920 |a Impresos - Libros 
930 |a Colección General 
940 |a Literatura 
905 |a 101 
901 |a 063048  |b IT1  |c LIT  |i 063048  |u 20250521 
902 |a https://opac.biblio.iteso.mx/vufind/Record/000242549